| 000 | 01612cam a22003377a 4500 | ||
|---|---|---|---|
| 005 | 20091020105013.0 | ||
| 008 | 091019s2009 ii af 000 0 eng d | ||
| 010 | _aENG-95316 | ||
| 020 |
_a0198063113 _c795.00 |
||
| 020 |
_a9780198063117 _c795.00 |
||
| 035 | _aEN-78849 | ||
| 037 | _bDBAD/PUB | ||
| 037 | _bPUB | ||
| 082 | _a910.4 | ||
| 245 |
_aExploring the west : _cedited by Mushirul Hasan _bthree travel narratives / |
||
| 260 |
_aNew Delhi : _bOxford University Press _c2009. |
||
| 300 |
_a1v. (various pagings) _c22 cm.(Hb) _bill |
||
| 500 | _a Includes bibliographical references and Index | ||
| 505 | _aImages of the west: the adventures of Itesamuddin (x, 116p.) -- Westward bound:travels of Mirza Abu Taleb (xxxiii, 346p.) -- Seamless boundaries: Lutfullah's narrative beyond East and West (xx, 260p.) | ||
| 600 |
_aI’tesamuddin, Mirza Sheikh, _dca. 1730-ca. 1800 _xTravel |
||
| 600 |
_aAbū Ṭālib Khān, _d1752-1806? _xTravel |
||
| 600 |
_aLutfullah, _d1802-1874 _xTravel |
||
| 651 |
_aGreat Britain _xDescription and travel. |
||
| 651 |
_aFrance _xDescription and travel. |
||
| 651 |
_aIndia _xDescription and travel. |
||
| 700 | _aHasan, Mushirul | ||
| 942 |
_2ddc _cEN _mEXP _h910.4 |
||
| 999 |
_c31335 _d31335 |
||